| 000 | 00783nam a22002537a 4500 | ||
|---|---|---|---|
| 001 | 36202 | ||
| 003 | UA-OsUOA | ||
| 005 | 20200605224559.0 | ||
| 007 | ta | ||
| 008 | 20060119b un ||||| |||| 00| 0 ukr d | ||
| 020 | _a966-580-173-2 | ||
| 040 |
_aUA-OsUOA _bukr _cUA-OsUOA _dUA-OsUOA |
||
| 041 | _aukr | ||
| 080 | _a81'367 | ||
| 090 |
_a81'367 _bШ95 |
||
| 100 | _aШульжук К.Ф. | ||
| 245 |
_aСинтаксис української мови _bПідручник |
||
| 260 |
_aК. _bАкадемія _c2004 |
||
| 300 | _a408 с. | ||
| 650 | 7 |
_a8 Мовознавство. Художня література. Літературознавство _2UDC |
|
| 942 |
_cBK _2udc |
||
| 955 | _a2 | ||
| 999 |
_c322449 _d322449 |
||